[Event "Moscow Alekhine op"]
[Site "Moscow"]
[Date "1996.??.??"]
[Round "4"]
[White "Deviatkin, Andrei"]
[Black "Kossov, Aleksandr S"]
[Result "1/2-1/2"]
[WhiteElo "2160"]
[BlackElo "2275"]
[PlyCount "99"]
[EventDate "1996.??.??"]
[EventType "swiss"]
[EventRounds "9"]
[EventCountry "RUS"]
[SourceTitle "EXT 1999"]
[Source "ChessBase"]
[SourceDate "1998.11.16"]
[SourceVersion "1"]
[SourceVersionDate "1998.11.16"]
[SourceQuality "1"]

1. e4 Nf6 2. e5 Nd5 3. d4 d6 4. Nf3 Bg4 5. Be2 e6 6. 0-0 Nc6 7. c4 Nb6 8. exd6 cxd6 9. d5 exd5 10. cxd5 Bxf3 11. Bxf3 Ne5 12. Be2 Be7 13. a4 0-0 14. Nc3 f5 15. Bf4 Ng6 16. Be3 Bf6 17. a5 Nd7 18. Qd2 a6 19. Na4 Rc8 20. Rac1 Qe7 21. Rfe1 Qf7 22. b4 Rfe8 23. b5 Rxc1 24. Qxc1 f4 25. Bd2 axb5 26. Bxb5 Rxe1+ 27. Qxe1 Nde5 28. Nc3 Nh4 29. Qe4 Qh5 30. Be2 f3 31. g4 Qxg4+ 32. Qxg4 Nxg4 33. Bd1 Be5 34. h3 Nf6 35. Bg5 Bxc3 36. Bxh4 Bxa5 37. Bxf6 gxf6 38. Bxf3 f5 39. Kf1 Kg7 40. Ke2 Kf6 41. Kd1 Ke5 42. Be2 Kd4 43. Kc2 Be1 44. Bd3 Ke5 45. f3 h5 46. Kd1 Ba5 47. Kc2 f4 48. Bg6 h4 49. Kd3 b6 50. Bf7 1/2-1/2

[Event "Moscow Alekhine op"]
[Site "Moscow"]
[Date "1996.??.??"]
[Round "?"]
[White "Kossov, Aleksandr S"]
[Black "Korneev, Oleg"]
[Result "0-1"]
[WhiteElo "2275"]
[BlackElo "2590"]
[PlyCount "57"]
[EventDate "1996.??.??"]
[EventType "swiss"]
[EventRounds "9"]
[EventCountry "RUS"]
[SourceTitle "EXT 1999"]
[Source "ChessBase"]
[SourceDate "1998.11.16"]
[SourceVersion "1"]
[SourceVersionDate "1998.11.16"]
[SourceQuality "1"]

1. d4 d5 2. Nc3 Nf6 3. Bg5 Nbd7 4. f3 c6 5. e4 dxe4 6. fxe4 e5 7. dxe5 Qa5 8. Qd2 Nxe5 9. 0-0-0 Be7 10. Kb1 Be6 11. Bxf6 gxf6 12. Qh6 b5 13. Nf3 Nxf3 14. gxf3 b4 15. Bb5 Rc8 16. Qg7 bxc3 17. Qxh8+ Bf8 18. Bxc6+ Rxc6 19. a3 cxb2 20. Rd3 Qc5 21. c4 Qxc4 22. Rd8+ Kxd8 23. Qxf8+ Kc7 24. Qe7+ Kc8 25. Qf8+ Kb7 26. Qb4+ Qxb4 27. axb4 Rc1+ 28. Rxc1 bxc1Q+ 29. Kxc1 0-1

[Event "Moscow Alekhine op"]
[Site "Moscow"]
[Date "1996.??.??"]
[Round "9"]
[White "Kossov, Aleksandr S"]
[Black "Kunin, Vitaly L"]
[Result "1/2-1/2"]
[WhiteElo "2275"]
[BlackElo "2040"]
[PlyCount "75"]
[EventDate "1996.??.??"]
[EventType "swiss"]
[EventRounds "9"]
[EventCountry "RUS"]
[SourceTitle "EXT 1999"]
[Source "ChessBase"]
[SourceDate "1998.11.16"]
[SourceVersion "1"]
[SourceVersionDate "1998.11.16"]
[SourceQuality "1"]

1. d4 Nf6 2. Nf3 e6 3. c4 c5 4. g3 d5 5. cxd5 exd5 6. Bg2 Nc6 7. 0-0 Be6 8. Nc3 h6 9. h3 Be7 10. Be3 cxd4 11. Nxd4 Qd7 12. Kh2 h5 13. Nxe6 fxe6 14. Rc1 Rd8 15. Qc2 Kf7 16. Rfd1 Bd6 17. Kg1 h4 18. g4 g6 19. Bg5 Rdf8 20. Bxf6 Kxf6 21. a3 Kg7 22. Nb5 Bb8 23. e3 a6 24. Nd4 Nxd4 25. Rxd4 Rc8 26. Qd1 Rxc1 27. Qxc1 Rc8 28. Qd2 Qc7 29. Rb4 b5 30. Rb3 Qc1+ 31. Qxc1 Rxc1+ 32. Bf1 Bd6 33. Kg2 Rc2 34. Kg1 Be5 35. a4 bxa4 36. Rb4 Rxb2 37. Rxa4 Bc3 38. Bxa6 1/2-1/2

[Event "Moscow op2"]
[Site "Moscow"]
[Date "1995.??.??"]
[Round "1"]
[White "Kossov, Aleksandr S"]
[Black "Bologan, Viktor"]
[Result "0-1"]
[WhiteElo "2340"]
[BlackElo "2530"]
[PlyCount "64"]
[EventDate "1995.11.??"]
[EventType "swiss"]
[EventRounds "9"]
[EventCountry "RUS"]
[SourceTitle "CBM 050 Extra"]
[Source "ChessBase"]
[SourceDate "1996.03.01"]
[SourceVersion "1"]
[SourceVersionDate "1996.03.01"]
[SourceQuality "1"]

1. d4 Nf6 2. Nf3 g6 3. c4 Bg7 4. g3 0-0 5. Bg2 d6 6. 0-0 Nc6 7. d5 Na5 8. Nfd2 Nd7 9. Qc2 c6 10. e4 cxd5 11. exd5 Ne5 12. Na3 Bf5 13. Be4 Bd7 14. Rb1 Rc8 15. b3 b5 16. Qd1 bxc4 17. b4 Nb7 18. Nf3 Bg4 19. h3 Bxh3 20. Nxe5 dxe5 21. Re1 Nd6 22. Bc2 Bf5 23. Be3 Qd7 24. Rc1 Bxc2 25. Qxc2 Nf5 26. Qe4 Nxe3 27. Qxe3 Qxd5 28. Qxa7 Bh6 29. Rcd1 Qf3 30. Nb5 c3 31. Nc7 c2 32. Ra1 Qc6 0-1

[Event "Moscow-ch"]
[Site "Moscow"]
[Date "1994.??.??"]
[Round "?"]
[White "Zhidkov, Valery S"]
[Black "Kossov, Aleksandr S"]
[Result "1-0"]
[WhiteElo "2395"]
[BlackElo "2380"]
[PlyCount "112"]
[EventDate "1994.??.??"]
[EventType "swiss"]
[EventRounds "9"]
[EventCountry "RUS"]
[SourceTitle "CBM 043 Extra"]
[Source "ChessBase"]
[SourceDate "1995.01.01"]
[SourceVersion "1"]
[SourceVersionDate "1995.01.01"]
[SourceQuality "1"]

1. Nf3 Nf6 2. c4 e6 3. Nc3 d5 4. d4 c6 5. e3 Nbd7 6. Qc2 Be7 7. Be2 0-0 8. 0-0 Re8 9. Rd1 b6 10. e4 dxe4 11. Nxe4 Bb7 12. Bf4 Nxe4 13. Qxe4 Qc8 14. Ng5 Nf6 15. Qc2 h6 16. Nf3 c5 17. Ne5 cxd4 18. Rxd4 Bc5 19. Rdd1 Ne4 20. Bd3 f5 21. Bxe4 Bxe4 22. Qe2 Re7 23. a3 a5 24. Rd2 Qb7 25. Rad1 Rae8 26. Rd7 Qa8 27. Qh5 Bc6 28. Nxc6 Qxc6 29. Bxh6 Rf8 30. Rxe7 Bxe7 31. Be3 Bf6 32. Qe2 Rc8 33. b3 a4 34. bxa4 Qxa4 35. Bxb6 Qxc4 36. Qxc4 Rxc4 37. Bd8 Bb2 38. Be7 Rc3 39. Bb4 Rb3 40. Rb1 Rd3 41. Kf1 Be5 42. h3 Rd5 43. Ke2 Bd4 44. a4 Re5+ 45. Kf3 g5 46. Re1 Rxe1 47. Bxe1 e5 48. Ke2 Kf7 49. Bd2 Kf6 50. a5 f4 51. f3 Ke6 52. Kd3 Kd5 53. a6 Ba7 54. Ba5 Kc5 55. Bd8 Kb5 56. Bxg5 Kxa6 1-0